000 00892nam a22002297a 4500
999 _c12622
_d12622
003 AR-CdUCM
008 190409b ||||| |||| 00| 0 spa d
040 _aMUNICIPALIDAD PROVINCIAL DEL CUSCO
_cBIBLIOTECA MUNICIPAL DEL CUSCO
082 _aC / 793.31 /
_bH967
100 _aHurtado Sánchez, Vladimir
_930551
245 _aValicha :
_bOrigen y autor /
260 _aLima :
_bCONCYTEC : Municipalidad del Cusco,
_c1990.
300 _a32 páginas ;
_bPentagrama, ilustraciones, retrete, imagenes
_c20 cm.
505 _aContenido: Autor del wayno "Valicha" -- Fuentes de inspiración: Acopia y la mujer andina -- Letras del "Tusuy" y "Valicha" -- Vigencia del wayno "Valicha".
650 _aMúsicos
_95854
650 _aPerú
_935
650 _aCusco
_9772
650 _aHuaynos (Valicha)
_930552
650 _aMúsica folclórica
_95852
942 _2ddc
_cLIBROS
945 _acmm
_d2019-04-09